000 00622nam a2200229Ia 4500
001 991
003 GE_BSU
008 181216s||||||||xx |||||||||||||| ||und||
040 _cGE_BSU
080 _a811.161.1
100 _aПешковский,А.М.
245 _aРусский синтаксис в научном освещении
250 _a7-е
260 _aМосква
260 _bУчпедгиз
260 _c1956
300 _a512стр.
541 _h12л.
653 _aРусский синтаксис в научном освещении
653 _aРусский язык
942 _cBK
999 _c35149
_d35149